000 00846nam0a22002771 4500
001 rc\3394877
005 20130115154522.6
021 _aRU
_b69-17992
021 _aRU
_bРг5472-70
035 _a(NLR Aleph) 007460067
090 _a7307655
_c7307655
100 _a20130115d1969 |||y0rusy50 ca
101 0 _arus
102 _aRU
105 _ay z |||||
200 1 _aНемецкий язык
_eСборник упражнений для работы в лингафонном классе
_fМ-во обороны
210 _a[Москва]
_cБ. и.
_d1969
215 _a48 с.
_d22
309 _aОтпеч. множит. аппаратом
700 1 _aАрчакова
_bЛ. А.
701 1 _aНосуля
_bВ. А.
801 0 _aRU
_bNLR
_gpsbo
801 1 _aRU
_bELAR
_2rusmarc
852 _aNLR
_j70-6/1075
942 _cBOOK
980 _aNB